| 000 | 00380nam a2200133Ia 4500 | ||
|---|---|---|---|
| 008 | 211119s9999||||xx |||||||||||||| ||und|| | ||
| 082 |
_a630.715 _bSAL-V |
||
| 100 | _aSalim, P B | ||
| 245 | 0 | _a101 Vijayagadhakal | |
| 260 |
_bMathrubhumi Books _a2011 _cKottayam |
||
| 300 | _a350p. | ||
| 650 |
_aTechnology _vAgricuture & related technologyGeneralia _xGeneral Stack |
||
| 942 | _cBOOK | ||
| 999 |
_c112117 _d112117 |
||